|
|
|
|
| LEADER |
01103nam a2200265 a 4500 |
| 001 |
13938602 |
| 008 |
091224s2000 at a 001 0 eng d |
| 010 |
|
|
|a 2005926328
|
| 040 |
|
|
|a TAC
|c TAC
|d BAKER
|d DLC
|d BD-DhAAL
|
| 020 |
|
|
|a 0534569439
|
| 020 |
|
|
|a 0534569447 (instructor's edition)
|
| 082 |
0 |
0 |
|a 320.973
|2 21
|
| 100 |
1 |
|
|a Bardes, Barbara A.
|
| 245 |
1 |
0 |
|a American government and politics today :
|b the essentials /
|c Barbara A. Bardes, Mack C. Shelley, Steffen W. Schmidt.
|
| 250 |
|
|
|a 2000-2001 edition
|
| 260 |
|
|
|a Australia ;
|a Belmont, CA :
|b Thomson/Wadsworth,
|c c2000.
|
| 300 |
|
|
|a xxxii, 588 p. :
|b ill. (some col.) ;
|c 28 cm.
|
| 541 |
1 |
|
|e 00010310
|
| 651 |
|
0 |
|a United States
|x Politics and government.
|
| 650 |
|
0 |
|a Elections
|z United States.
|
| 700 |
1 |
|
|a Shelley, Mack C.,
|d 1950-
|
| 700 |
1 |
|
|a Schmidt, Steffen W.
|
| 852 |
4 |
|
|a Ayesha Abed Library
|j General Shelf.
|
| 999 |
|
|
|c 6435
|d 6435
|
| 952 |
|
|
|0 0
|1 0
|2 ddc
|4 0
|6 320_973000000000000_BAR_2000
|7 0
|9 6503
|a BRACUL
|b BRACUL
|c GEN
|d 2009-12-27
|g 0.00
|l 0
|o 320.973 BAR
|p 3010010310
|r 2009-12-27
|t 1
|w 2009-12-27
|y BK
|x No price found in the accession register.
|